| 000 | 01197nam a22002657a 4500 | ||
|---|---|---|---|
| 005 | 20180803165459.0 | ||
| 008 | 120229s2010 ck ag gr 000 0dspa d | ||
| 020 | _a9789588491424 | ||
| 041 | 0 | _aspa | |
| 044 | _ack | ||
| 082 | 0 | 4 |
_a628.1 _bC718tj |
| 110 | 1 |
_aColombia _bMinisterio de Ambiente, Vivienda y Desarrollo Territorial _992336 |
|
| 245 | 1 | 0 |
_aReglamento técnico del sector de agua potable y saneamiento básico : _bTítulo J: alternativas tecnológicas en agua y saneamiento para el sector rural / _cMinisterio de Ambiente, Vivienda y Desarrollo Territorial. |
| 260 |
_aBogotá _bMinisterio de Ambiente, Vivienda y Desarrollo Territorial. Viceministerio de Agua y Saneamiento, _c2010. |
||
| 300 |
_a282 p. : _bil. ; _c28 cm. |
||
| 500 | _aIncluye glosario de siglas. | ||
| 504 | _aIncluye bibliografía e índices. | ||
| 650 | 4 |
_aSaneamiento ambiental _z Colombia. _91735 |
|
| 650 | 4 |
_aAbastecimiento de agua rural _z Colombia. _91736 |
|
| 650 |
_aDesarrollo rural _z Colombia. _91516 |
||
| 650 | 4 |
_aAcueductos rurales _z Colombia. _91737 |
|
| 650 | 4 |
_aAlcantarillado rural _z Colombia. _91738 |
|
| 650 | 4 |
_aTratamiento de aguas residuales _z Colombia. _91739 |
|
| 942 |
_2ddc _cImpreso |
||
| 999 |
_c7599 _d7599 |
||